000 00988nam a2200265 i 4500
003 DO-SdBNP
005 20230630091632.0
007 ta
008 230630b2022 dr ac||| |||| 00| 0 spa d
020 _a9789945250183
040 _aDO-SdBNP
_bspa
_cBNPHU
_erda
082 4 _222
100 _95204
_aCassá Bernaldo de Quirós, Constancio,
_d1953-
_eautor
245 1 0 _aObra fotográfica del exiliado vienés Kurt Schnitzer (Conrado) durante su permanencia en República Dominicana (1938-1944) /
_cComstancio Cassá Bernaldo de Quiros
264 1 _aSanto Domingo :
_bArchvo General de la Nación,
_c2022.
300 _a568 páginas :
_bilustraciones, retratos ;
_c21 cm.
336 _2rdacontent
_atexto
_btxt
337 _2rdamedia
_asin mediación
_bn
338 _2rdacarrier
_avolumen
_bnc
490 _aArchivo General de la Nación
_v440
500 _aIncluye datos biográficos del autor en las solapas
590 _aInventariado, 2023/BT
910 _aBtavárez
942 _2ddc
_cLBS1
999 _c54018
_d54018